Loreto College Library, Kolkata
WEBOPAC (ONLINE PUBLIC ACCESS CATALOGUE)

Reading (Record no. 27567)

MARC details
000 -LEADER
fixed length control field 00517nam a2200181Ia 4500
008 - FIXED-LENGTH DATA ELEMENTS--GENERAL INFORMATION
fixed length control field 131103s9999 xx 000 0 und d
020 ## - ISBN | অাই এস বি এন
ISBN | অাই এস বি এন 0 7100 7424 7
040 ## - CATALOGING SOURCE
Original cataloging agency Loreto College
041 ## - LANGUAGE CODE
Language code English
082 ## - DDC | ডিউই
Classification number | বর্গসংখ্যা 372.41/MAC
Book Number | গ্রন্থাঙ্ক LCBED/1678
100 ## - MAIN ENTRY--PERSONAL NAME | মুখ্য সংলেখ - ব্যাক্তিনাম
Personal name | ব্যাক্তিনাম McKeown, Pamela
245 ## - TITLE STATEMENT | অাখ্যা বিবরণী
Title | অাখ্যা Reading
Sub title | উপঅাখ্যা a basic guide for parents and teachers
Statement of responsibility | লেখকের দায়িত্বের বিবরণ Pamela McKeown
260 ## - IMPRINT | প্রকাশনা ক্ষেত্র
Place of publication | প্রকাশ স্থান London
Name of publisher | প্রকাশকের নাম Routledge & Kegan
Date of publication | প্রকাশ কাল 1974
300 ## - PHYSICAL DESCRIPTION |
Page / Vol. No | পৃষ্ঠা / খন্ড সংখ্যা x,160 p.
650 ## - SUBJECT ADDED ENTRY--TOPICAL TERM | বিষয় শিরোনাম - মূল বিষয়
Topical term | মূল বিষয় Elementary education
850 ## - HOLDING INSTITUTION
Holding institution LCBED/372.41/MAC
942 ## - ADDED ENTRY ELEMENTS (KOHA)
Koha item type Books
Holdings
Withdrawn status Lost status Damaged status Not for loan Home library Current library Date acquired Total Checkouts Full call number Accession No. Checked out Date last seen Date checked out Price effective from Koha item type
        Loreto College Loreto College 04/11/2013 2 372.41/MAC LCBED/1678 B30412 13/01/2014 06/01/2014 06/01/2014 04/11/2013 Books